Chanakya Neeti : (Record no. 167749)

MARC details
000 -LEADER
fixed length control field 00584nam a22001817a 4500
005 - DATE AND TIME OF LATEST TRANSACTION
control field 20190918144724.0
010 ## - LCCN (DPL NO)
LC control number ENG-126486
020 ## - INTERNATIONAL STANDARD BOOK NUMBER
Terms of availability 150.00
International Standard Book Number 9789381841945
035 ## - SYSTEM CONTROL NUMBER
System control number EN-110018
037 ## - SOURCE OF ACQUISITION
Source of stock number/acquisition DBAD/PUB
082 ## - DEWEY DECIMAL CLASSIFICATION NUMBER
Classification number 170
100 ## - MAIN ENTRY--PERSONAL NAME
Personal name Chanakya
245 ## - TITLE STATEMENT
Title Chanakya Neeti :
Statement of responsibility, etc By Chanakya
Remainder of title With complete sutras /
260 ## - PUBLICATION, DISTRIBUTION, ETC. (IMPRINT)
Place of publication, distribution, etc New Delhi
Name of publisher, distributor, etc Grapevine India Publishers
Date of publication, distribution, etc 2018
270 ## - ADDRESS
City New Delhi
Address 16 ,Shanti Mohan House ,Ansari Road ,Darya Ganj
Postal code 110002
Electronic mail address grapevineindiapublishers@gmail.com
300 ## - PHYSICAL DESCRIPTION
Extent 266p.
Dimensions 20cm(pbk)
942 ## - ADDED ENTRY ELEMENTS (KOHA)
Source of classification or shelving scheme Dewey Decimal Classification
Item type English Books
Classification part 170
Call number suffix CHA
Holdings
Withdrawn status Lost status Not for loan Collection code Home library Current library Date acquired Source of acquisition Cost, normal purchase price Full call number Barcode Copy number Cost, replacement price Koha item type
      Non-fiction Central Library Central Library 18/09/2019 DBAD/PUB 150.00 170 CHA EN-110018 1 150.00 English Books

© Delhi Public Library
Hit Counter
free hit counter